[Event "Toronto-ch Championship"]
[Site "Toronto CAN"]
[Date "2002.02.06"]
[Round "10"]
[White "Laughlin, Steve"]
[Black "Torres, Juan Carlos"]
[Result "1-0"]
[WhiteElo "2045"]
[BlackElo "2229"]
[PlyCount "99"]
[EventDate "2002.01.09"]
[EventType "tourn"]
[EventRounds "11"]
[EventCountry "CAN"]

1. e4 d6 2. d4 Nf6 3. Nc3 g6 4. f4 Bg7 5. Nf3 O-O 6. Be2 c6 7. O-O b5 8. e5 Ne8
9. Ne4 d5 10. Nc5 Na6 11. Nxa6 Bxa6 12. a4 Qb6 13. a5 Qc7 14. b4 Bc8 15. Ra3
Bg4 16. Ne1 Bxe2 17. Qxe2 f5 18. Nd3 e6 19. Nc5 Qf7 20. Bd2 h6 21. g4 a6 22.
Rg3 Kh7 23. Kh1 Rg8 24. Rfg1 Bf8 25. Nd3 Be7 26. gxf5 Qxf5 27. Qg2 Nc7 28. Rh3
Raf8 29. Qg4 Qe4+ 30. Rg2 Rf5 31. c3 Rh5 32. Rxh5 Qxd3 33. f5 g5 34. f6 Bf8 35.
Rh3 Qb1+ 36. Rg1 Qc2 37. Qe2 Rg6 38. Qg2 Kg8 39. Rf3 Kf7 40. Rg3 Ne8 41. Bc1
Qf5 42. Rf1 Qe4 43. Qxe4 dxe4 44. Rfg1 Nc7 45. h4 Nd5 46. hxg5 hxg5 47. Bxg5
Nxb4 48. cxb4 Bxb4 49. Be3 Bxa5 50. Rxg6 1-0

[Event "Toronto-ch Championship"]
[Site "Toronto CAN"]
[Date "2002.02.06"]
[Round "10"]
[White "Perovic, Bozidar"]
[Black "Rakhinshteyn, Fima"]
[Result "1-0"]
[WhiteElo "2028"]
[BlackElo "2214"]
[PlyCount "69"]
[EventDate "2002.01.09"]
[EventType "tourn"]
[EventRounds "11"]
[EventCountry "CAN"]

1. f4 d5 2. e3 c5 3. Nf3 Nc6 4. Bb5 e6 5. b3 Nge7 6. Bb2 h6 7. Bxc6+ Nxc6 8.
O-O Bd7 9. d3 Qc7 10. Nbd2 O-O-O 11. c4 f6 12. a3 Kb8 13. Rc1 d4 14. exd4 Qxf4
15. Qe2 cxd4 16. Rce1 Qc7 17. b4 e5 18. Rc1 Ne7 19. b5 Nf5 20. Rb1 Bxb5 21.
cxb5 Qb6 22. Rfc1 Qd6 23. Nc4 Qe6 24. Ba1 Nd6 25. Ncxe5 fxe5 26. Nxe5 Qe8 27.
Nc6+ Kc7 28. Nxd8+ Kxd8 29. Qb2 Qe3+ 30. Kh1 b6 31. Qxd4 Qxd4 32. Bxd4 Be7 33.
a4 Kd7 34. a5 Nf5 35. Be5 1-0

[Event "Toronto-ch Championship"]
[Site "Toronto CAN"]
[Date "2002.02.06"]
[Round "10"]
[White "Richardson, Ross"]
[Black "Southam, David"]
[Result "0-1"]
[WhiteElo "2024"]
[BlackElo "2162"]
[PlyCount "64"]
[EventDate "2002.01.09"]
[EventType "tourn"]
[EventRounds "11"]
[EventCountry "CAN"]

1. e4 c6 2. d4 d5 3. Nc3 dxe4 4. Bc4 Nf6 5. f3 exf3 6. Nxf3 e6 7. O-O Be7 8.
Qe1 b6 9. Qg3 Kf8 10. Be3 Ba6 11. Bxa6 Nxa6 12. Ne5 Nb4 13. Qf2 h5 14. Ne4 Nbd5
15. Ng5 Nxe3 16. Nexf7 Neg4 17. Nxe6+ Kxf7 18. Nxd8+ Raxd8 19. Qe2 Rxd4 20. c3
Rd5 21. Rae1 Re8 22. Qe6+ Kg6 23. Qxc6 Bc5+ 24. Kh1 Nf2+ 25. Kg1 Nd3+ 26. Kh1
Rxe1 27. Rxe1 Nxe1 28. b4 Rd1 29. g3 Nd3+ 30. Kg2 Rg1+ 31. Kh3 Nf2+ 32. Kh4 Be3
0-1

[Event "Toronto-ch Championship"]
[Site "Toronto CAN"]
[Date "2002.02.09"]
[Round "11"]
[White "Berengolts, Isai"]
[Black "Richardson, Ross"]
[Result "1-0"]
[WhiteElo "2244"]
[BlackElo "2024"]
[PlyCount "61"]
[EventDate "2002.01.09"]
[EventType "tourn"]
[EventRounds "11"]
[EventCountry "CAN"]

1. e4 c6 2. Nc3 d5 3. Nf3 Bg4 4. h3 Bxf3 5. Qxf3 Nf6 6. e5 Nfd7 7. d4 e6 8. Bf4
Qb6 9. O-O-O c5 10. Nb5 cxd4 11. Nxd4 Nc6 12. Nb3 Rc8 13. Kb1 a5 14. Qe2 a4 15.
Na1 Bc5 16. f3 Bd4 17. Qb5 Bxe5 18. Bxe5 Ncxe5 19. Qxa4 O-O 20. Nb3 Qf2 21. Nc1
Nb6 22. Qb3 Nbc4 23. Bxc4 Nxc4 24. Qd3 Rc6 25. Qd4 Qg3 26. Rhe1 Rfc8 27. Re2 e5
28. Qxd5 Rd6 29. Qxb7 Rcd8 30. Rxd6 Nxd6 31. Qe7 1-0

[Event "Toronto-ch Championship"]
[Site "Toronto CAN"]
[Date "2002.02.09"]
[Round "11"]
[White "Campbell, Brett"]
[Black "Findlay, Ian"]
[Result "1/2-1/2"]
[WhiteElo "2500"]
[BlackElo "2500"]
[PlyCount "73"]
[EventDate "2002.01.09"]
[EventType "tourn"]
[EventRounds "11"]
[EventCountry "CAN"]

1. e4 c5 2. Nf3 d6 3. Bb5+ Nd7 4. c4 Ngf6 5. Nc3 g6 6. O-O Bg7 7. d3 O-O 8. h3
Nb6 9. Be3 a6 10. Ba4 Nxa4 11. Qxa4 Bd7 12. Qc2 Bc6 13. d4 cxd4 14. Nxd4 Rc8
15. a4 b6 16. Rad1 Qc7 17. b3 Qb7 18. Nxc6 Rxc6 19. Rd2 Rfc8 20. Qd3 Nd7 21.
Bd4 Nc5 22. Qb1 Bxd4 23. Rxd4 Ne6 24. Rd2 Nc7 25. Nd5 Nxd5 26. Rxd5 Rc5 27. Rc1
Qc6 28. Rcd1 Rb8 29. Qd3 b5 30. axb5 axb5 31. Rxc5 Qxc5 32. cxb5 Rxb5 33. Ra1
Rb4 34. Ra4 Qc1+ 35. Kh2 Qf4+ 36. Kg1 Qc1+ 37. Kh2 1/2-1/2

[Event "Toronto-ch Championship"]
[Site "Toronto CAN"]
[Date "2002.02.09"]
[Round "11"]
[White "Rakhinshteyn, Fima"]
[Black "Laughlin, Steve"]
[Result "1-0"]
[WhiteElo "2214"]
[BlackElo "2045"]
[PlyCount "50"]
[EventDate "2002.01.09"]
[EventType "tourn"]
[EventRounds "11"]
[EventCountry "CAN"]

1. c4 Nf6 2. Nc3 g6 3. d4 Bg7 4. e4 d6 5. Be2 O-O 6. Bg5 h6 7. Be3 e5 8. d5 Na6
9. Qd2 Kh7 10. f3 Nh5 11. O-O-O Nc5 12. g4 Nf4 13. Bxf4 exf4 14. Qxf4 f5 15.
gxf5 gxf5 16. Qd2 Bxc3 17. Qxc3 Qg5+ 18. Kb1 fxe4 19. b4 Na4 20. Qc2 Qg2 21.
fxe4 Qxh1 22. Qxa4 Qxh2 23. Qc2 Rf2 24. Nf3 Qh3 25. Nd4 Kh8 1-0

[Event "Toronto-ch Championship"]
[Site "Toronto CAN"]
[Date "2002.02.09"]
[Round "11"]
[White "Southam, David"]
[Black "Dutton, Warren"]
[Result "1-0"]
[WhiteElo "2162"]
[BlackElo "2025"]
[PlyCount "67"]
[EventDate "2002.01.09"]
[EventType "tourn"]
[EventRounds "11"]
[EventCountry "CAN"]

1. d4 d5 2. Nf3 Nf6 3. c4 c6 4. e3 g6 5. Nc3 Bg7 6. Bd3 O-O 7. O-O a5 8. h3 Na6
9. a3 dxc4 10. Bxc4 b5 11. Bd3 b4 12. Ne4 Nxe4 13. Bxe4 Qd6 14. axb4 Nxb4 15.
Re1 f5 16. Bb1 Kh8 17. Bd2 Bb7 18. Bc3 Rfd8 19. Ng5 Qf6 20. h4 c5 21. d5 Rxd5
22. Bxf6 exf6 23. Ne6 Rxd1 24. Rxd1 Bd5 25. Nc7 Bb3 26. Nxa8 Bxd1 27. Rxa5 Bf8
28. Nc7 Bb3 29. Ra7 Bg8 30. Ne8 Nd5 31. Ba2 c4 32. Bxc4 Bc5 33. Ra5 Nxe3 34.
Bxg8 1-0

[Event "Toronto-ch Championship"]
[Site "Toronto CAN"]
[Date "2002.02.09"]
[Round "11"]
[White "Veltmann, Martin"]
[Black "Perovic, Bozidar"]
[Result "1/2-1/2"]
[WhiteElo "2200"]
[BlackElo "2028"]
[PlyCount "32"]
[EventDate "2002.01.09"]
[EventType "tourn"]
[EventRounds "11"]
[EventCountry "CAN"]

1. c4 e6 2. e4 d5 3. cxd5 exd5 4. exd5 Nf6 5. Nf3 Nxd5 6. Nc3 Nxc3 7. bxc3 Bd6
8. Be2 O-O 9. O-O Bg4 10. h3 Bh5 11. Rb1 b6 12. d4 Nd7 13. Be3 Re8 14. Re1 h6
15. c4 c5 16. Rb2 Qc7 1/2-1/2

[Event "Toronto-ch Reserves"]
[Site "Toronto CAN"]
[Date "2002.01.09"]
[Round "1"]
[White "Deslauriers, Brian"]
[Black "Bergeron, Florian"]
[Result "1/2-1/2"]
[WhiteElo "1966"]
[BlackElo "1954"]
[PlyCount "58"]
[EventDate "2002.01.09"]
[EventType "tourn"]
[EventRounds "11"]
[EventCountry "CAN"]

1. c4 Nf6 2. g3 c5 3. Bg2 Nc6 4. Nf3 g6 5. Nc3 Bg7 6. Rb1 O-O 7. O-O d6 8. d3
Bd7 9. a3 a5 10. b3 Rb8 11. Bb2 Qc8 12. d4 cxd4 13. Nxd4 Bh3 14. Nd5 Nxd5 15.
cxd5 Bxg2 16. Kxg2 Nxd4 17. Bxd4 Bxd4 18. Qxd4 Qc5 19. Qxc5 dxc5 20. Rfc1 Rbc8
21. Rc3 Rfd8 22. e4 b6 23. Rbc1 Ra8 24. Rc4 e6 25. dxe6 fxe6 26. b4 cxb4 27.
axb4 Rd2 28. bxa5 bxa5 29. Ra1 Rf8 1/2-1/2

[Event "Toronto-ch Reserves"]
[Site "Toronto CAN"]
[Date "2002.01.09"]
[Round "1"]
[White "Millar, David"]
[Black "Vadachkoriya, Irakli"]
[Result "0-1"]
[WhiteElo "1877"]
[BlackElo "1949"]
[PlyCount "64"]
[EventDate "2002.01.09"]
[EventType "tourn"]
[EventRounds "11"]
[EventCountry "CAN"]

1. d4 Nf6 2. c4 g6 3. Nc3 Bg7 4. e4 d6 5. f3 O-O 6. Be3 Nbd7 7. Qd2 e5 8. d5
Nh5 9. O-O-O f5 10. exf5 gxf5 11. Nge2 Nhf6 12. Bg5 Qe8 13. Ng3 Qg6 14. Nxf5
Qxf5 15. Bd3 e4 16. Nxe4 Nxe4 17. Bxe4 Qf7 18. Qc2 Be5 19. g3 Nc5 20. Bh6 Re8
21. Rhf1 Bd7 22. f4 Bxb2+ 23. Qxb2 Nxe4 24. f5 Qf6 25. Qxf6 Nxf6 26. g4 Re2 27.
h3 Rae8 28. a3 Ne4 29. f6 Kf7 30. Rd3 Ba4 31. Rff3 Rc2+ 32. Kb1 Nc3+ 0-1

[Event "Toronto-ch Reserves"]
[Site "Toronto CAN"]
[Date "2002.01.09"]
[Round "1"]
[White "Paterson, Jim"]
[Black "Sviridovitch, Alina"]
[Result "1-0"]
[WhiteElo "1964"]
[BlackElo "1925"]
[PlyCount "113"]
[EventDate "2002.01.09"]
[EventType "tourn"]
[EventRounds "11"]
[EventCountry "CAN"]

1. d4 d5 2. c4 e6 3. Nc3 Nf6 4. Bg5 Be7 5. e3 Nbd7 6. Nf3 O-O 7. Bd3 a6 8. O-O
dxc4 9. Bxc4 b5 10. Bd3 Bb7 11. Qe2 c5 12. dxc5 Nxc5 13. Bc2 Qc7 14. Rfd1 Rac8
15. Bf4 Qc6 16. a3 Ncd7 17. Ne1 e5 18. Bg3 b4 19. axb4 Bxb4 20. Ba4 Qc7 21.
Bxd7 Nxd7 22. Rac1 Nf6 23. Na2 Qa5 24. Nxb4 Qxb4 25. Bxe5 Rxc1 26. Rxc1 Rd8 27.
Bxf6 Rd2 28. Qc4 Qxc4 29. Rxc4 gxf6 30. Rb4 Bc6 31. f3 Bb5 32. Rb3 Re2 33. Nd3
Rxe3 34. Nc5 Re1+ 35. Kf2 Re2+ 36. Kg3 Rc2 37. Ne4 Kg7 38. Nd6 Bd7 39. Rb7 Be6
40. Ne8+ Kg6 41. h4 h5 42. Rb6 a5 43. Ra6 Rxb2 44. Rxa5 Ra2 45. Rxa2 Bxa2 46.
Kf4 f5 47. Ke5 Be6 48. Nc7 Bc4 49. Nd5 Bf1 50. Nf4+ Kh6 51. Kxf5 Bc4 52. Kf6
Bb3 53. Nh3 Kh7 54. Kg5 Be6 55. Nf4 Bc4 56. Nxh5 Bd5 57. Nf6+ 1-0

[Event "Toronto-ch Reserves"]
[Site "Toronto CAN"]
[Date "2002.01.09"]
[Round "1"]
[White "Picana, Andrew"]
[Black "Cohen, David"]
[Result "1/2-1/2"]
[WhiteElo "2018"]
[BlackElo "2023"]
[PlyCount "185"]
[EventDate "2002.01.09"]
[EventType "tourn"]
[EventRounds "11"]
[EventCountry "CAN"]

1. c4 e5 2. Nc3 Nf6 3. e4 Nc6 4. Nf3 d6 5. d3 Be7 6. Be2 Be6 7. O-O O-O 8. Bd2
Qd7 9. a3 Bg4 10. Be3 Bxf3 11. Bxf3 Nd4 12. Bxd4 exd4 13. Ne2 c5 14. Rb1 Rab8
15. g3 b5 16. b3 Rb6 17. Bg2 Rfb8 18. Qc2 Qc8 19. cxb5 Rxb5 20. a4 Rb4 21. h3
Qe6 22. Kh2 Qd7 23. g4 h6 24. f4 Qc7 25. Rb2 R8b6 26. Rfb1 Nd7 27. Ng1 Qb8 28.
Kh1 Bh4 29. Kh2 Be7 30. Nf3 Bf6 31. Kh1 Qd8 32. Nd2 Nf8 33. Ra2 Ng6 34. Rf1 Nh4
35. Qd1 Nxg2 36. Kxg2 Bh4 37. Qf3 Rb7 38. Rc2 Qe7 39. Rfc1 Rc7 40. Rc4 Rxc4 41.
Nxc4 Rb7 42. Rb1 Qc7 43. e5 dxe5 44. fxe5 Rb8 45. Qd5 Qb7 46. Qxb7 Rxb7 47. Kf3
f6 48. Nd6 Rd7 49. Nf5 Bg5 50. e6 Rd8 51. Re1 Be3 52. Nxe3 dxe3 53. Kxe3 Kf8
54. Kd2 Ke7 55. Kc3 g6 56. Re4 f5 57. gxf5 gxf5 58. Re5 f4 59. Kd2 Rb8 60. Rxc5
Rxb3 61. Rc4 f3 62. Rf4 Kxe6 63. Rxf3 Rb4 64. Rg3 Kf5 65. a5 Ra4 66. Kc3 Rxa5
67. Kb4 Rd5 68. Kc4 Rd7 69. d4 a5 70. Ra3 Ke4 71. Rxa5 Rxd4+ 72. Kc3 Rd3+ 73.
Kc2 Rxh3 74. Kd2 Kf3 75. Ra3+ Kg2 76. Ra6 h5 77. Rg6+ Rg3 78. Rh6 Rg5 79. Ke3
Kg3 80. Ke2 Rf5 81. Rg6+ Kh3 82. Rg1 Kh2 83. Rg7 h4 84. Rg4 h3 85. Rg7 Kh1 86.
Rg3 h2 87. Rg7 Ra5 88. Kf2 Ra2+ 89. Kf1 Ra1+ 90. Kf2 Rg1 91. Rf7 Rg2+ 92. Kf1
Ra2 93. Rg7 1/2-1/2

[Event "Toronto-ch Reserves"]
[Site "Toronto CAN"]
[Date "2002.01.09"]
[Round "1"]
[White "Shah, Omar"]
[Black "De Jesus, Enrique"]
[Result "1-0"]
[WhiteElo "1913"]
[BlackElo "2002"]
[PlyCount "51"]
[EventDate "2002.01.09"]
[EventType "tourn"]
[EventRounds "11"]
[EventCountry "CAN"]

1. e4 c5 2. Nf3 Nc6 3. d4 cxd4 4. Nxd4 Nf6 5. Nc3 d6 6. Bc4 e6 7. Bb3 Be7 8.
Be3 a6 9. f3 Qc7 10. Qd2 Bd7 11. g4 h6 12. O-O-O Ne5 13. h4 Nc4 14. Bxc4 Qxc4
15. g5 hxg5 16. hxg5 Nh5 17. Nb3 O-O-O 18. Bb6 Rdf8 19. a3 Qc6 20. Qe3 Bd8 21.
Bxd8 Rxd8 22. Qa7 Be8 23. Rd4 Kc7 24. Na5 Qb6 25. Rc4+ Bc6 26. Rxc6+ 1-0

[Event "Toronto-ch Reserves"]
[Site "Toronto CAN"]
[Date "2002.01.09"]
[Round "1"]
[White "Takov, Chris"]
[Black "Haziprodromu, Sam"]
[Result "1-0"]
[WhiteElo "1900"]
[BlackElo "1979"]
[PlyCount "53"]
[EventDate "2002.01.09"]
[EventType "tourn"]
[EventRounds "11"]
[EventCountry "CAN"]

1. d4 Nf6 2. Nf3 c5 3. e3 g6 4. b3 Bg7 5. Bb2 O-O 6. g3 d6 7. Bg2 Nc6 8. O-O
Nd7 9. c4 Rb8 10. a3 b5 11. Nbd2 Ba6 12. Rb1 bxc4 13. bxc4 Na5 14. Qc2 Nb6 15.
dxc5 Bxb2 16. cxb6 Rxb6 17. Rxb2 Rxb2 18. Qxb2 Nxc4 19. Nxc4 Bxc4 20. Rc1 d5
21. Bf1 Bxf1 22. Kxf1 Qd6 23. Qb4 Qxb4 24. axb4 Rb8 25. Rc7 Rxb4 26. Rxa7 e6
27. Ng5 1-0

[Event "Toronto-ch Reserves"]
[Site "Toronto CAN"]
[Date "2002.01.14"]
[Round "2"]
[White "Bergeron, Florian"]
[Black "Shah, Omar"]
[Result "1/2-1/2"]
[WhiteElo "1954"]
[BlackElo "1913"]
[PlyCount "56"]
[EventDate "2002.01.09"]
[EventType "tourn"]
[EventRounds "11"]
[EventCountry "CAN"]

1. d4 Nf6 2. c4 e5 3. dxe5 Ng4 4. Nf3 Bc5 5. e3 Qe7 6. Nc3 c6 7. Ne4 Bb4+ 8.
Bd2 Nxe5 9. Nxe5 Bxd2+ 10. Qxd2 Qxe5 11. Nd6+ Ke7 12. Nxc8+ Rxc8 13. Qb4+ c5
14. Qd2 Rc6 15. O-O-O Rd6 16. Qxd6+ Qxd6 17. Rxd6 Kxd6 18. Be2 Nc6 19. Rd1+ Ke7
20. f4 Re8 21. Bf3 Nd8 22. Rd3 Nc6 23. a3 b6 24. Kd2 f5 25. h3 Nd8 26. Rd5 g6
27. g4 Rf8 28. b4 d6 1/2-1/2

[Event "Toronto-ch Reserves"]
[Site "Toronto CAN"]
[Date "2002.01.14"]
[Round "2"]
[White "Cohen, David"]
[Black "Paterson, Jim"]
[Result "0-1"]
[WhiteElo "2023"]
[BlackElo "1964"]
[PlyCount "131"]
[EventDate "2002.01.09"]
[EventType "tourn"]
[EventRounds "11"]
[EventCountry "CAN"]

1. e4 c5 2. Nf3 Nc6 3. d4 cxd4 4. Nxd4 e5 5. Nb5 a6 6. Nd6+ Bxd6 7. Qxd6 Qf6 8.
Qxf6 Nxf6 9. Nc3 d5 10. exd5 Nb4 11. Bd3 Nfxd5 12. Nxd5 Nxd5 13. c3 Be6 14. O-O
f6 15. Re1 Kf7 16. Be3 Rad8 17. Be4 Nxe3 18. fxe3 Bd5 19. Bc2 Bxg2 20. Kxg2
Rd2+ 21. Kf3 Rxc2 22. Re2 Rxe2 23. Kxe2 Rd8 24. c4 Ke6 25. b4 b6 26. a4 Rc8 27.
Rc1 g5 28. e4 f5 29. exf5+ Kxf5 30. Ke3 Rc6 31. Rc2 Rh6 32. Rf2+ Ke6 33. Ke4
Rh4+ 34. Kd3 Rh3+ 35. Kc2 Ra3 36. Kb2 Rxa4 37. Kb3 Ra1 38. Kb2 Rd1 39. Kc2 Rd7
40. Rf8 a5 41. bxa5 bxa5 42. Ra8 Rc7 43. Rxa5 Rxc4+ 44. Kd3 Rh4 45. Ra2 Kf5 46.
Rg2 Rh3+ 47. Ke2 h5 48. Rf2+ Ke4 49. Rg2 g4 50. Kf1 Ra3 51. Re2+ Kf4 52. Kg2 e4
53. Rb2 h4 54. Kf2 Rf3+ 55. Kg1 Ra3 56. Kf2 g3+ 57. hxg3+ Rxg3 58. Rb8 e3+ 59.
Ke2 Rg2+ 60. Kf1 h3 61. Rf8+ Kg3 62. Rg8+ Kh2 63. Rf8 e2+ 64. Ke1 Kg1 65. Ra8
h2 66. Ra1 0-1

[Event "Toronto-ch Reserves"]
[Site "Toronto CAN"]
[Date "2002.01.14"]
[Round "2"]
[White "De Jesus, Enrique"]
[Black "Millar, David"]
[Result "1-0"]
[WhiteElo "2002"]
[BlackElo "1877"]
[PlyCount "77"]
[EventDate "2002.01.09"]
[EventType "tourn"]
[EventRounds "11"]
[EventCountry "CAN"]

1. e4 c5 2. Nf3 d6 3. d4 cxd4 4. Nxd4 Nf6 5. Nc3 a6 6. Bc4 e6 7. f3 Be7 8. Be3
Qc7 9. Bb3 Nc6 10. g4 Nxd4 11. Qxd4 O-O 12. O-O-O b5 13. Kb1 Nd7 14. g5 Ne5 15.
f4 Nc6 16. Qd2 Rb8 17. h4 a5 18. a3 a4 19. Ba2 b4 20. Nxa4 bxa3 21. h5 Nb4 22.
Bb3 axb2 23. g6 Bd7 24. gxh7+ Kxh7 25. h6 g6 26. Qd4 Rg8 27. Nxb2 Qb7 28. Rhg1
Bc6 29. f5 Bxe4 30. fxe6 f5 31. Bg5 Bxg5 32. Rxg5 Rgc8 33. Qf6 Rg8 34. Rxd6
Bxc2+ 35. Bxc2 Qh1+ 36. Rd1 Qc6 37. Rd7+ Kxh6 38. Rxg6+ Rxg6 39. Qh4# 1-0

[Event "Toronto-ch Reserves"]
[Site "Toronto CAN"]
[Date "2002.01.14"]
[Round "2"]
[White "Haziprodromu, Sam"]
[Black "Picana, Andrew"]
[Result "0-1"]
[WhiteElo "1979"]
[BlackElo "2018"]
[PlyCount "100"]
[EventDate "2002.01.09"]
[EventType "tourn"]
[EventRounds "11"]
[EventCountry "CAN"]

1. e4 c5 2. d4 cxd4 3. c3 dxc3 4. Nxc3 Nf6 5. Nf3 a6 6. Bc4 e6 7. O-O Qc7 8.
Qe2 Bd6 9. Be3 b5 10. Bb3 Nc6 11. Rac1 Qb8 12. Rfd1 O-O 13. Qd2 Bc7 14. g3 Ng4
15. Bc5 Re8 16. h4 Nge5 17. Nh2 Na5 18. h5 h6 19. Qe2 d6 20. Bd4 Nxb3 21. axb3
Bb7 22. Be3 b4 23. Na4 Bc6 24. f4 Bxa4 25. bxa4 Nd7 26. e5 d5 27. b3 f6 28.
exf6 Nxf6 29. Rc6 Ne4 30. Bd4 Nxg3 31. Qg4 Nf5 32. Ba1 Bb6+ 33. Kh1 Be3 34. Be5
Qd8 35. Nf3 Ra7 36. Qg6 Qd7 37. Rc2 Qf7 38. Nd4 Bxd4 39. Bxd4 Raa8 40. Rc6 a5
41. Be5 Rad8 42. Kg1 d4 43. Kf2 d3 44. Rc7 Re7 45. Rxd3 Ra8 46. Qg2 Rb8 47. Qc6
Rxc7 48. Bxc7 Ne7 49. Qe4 Nd5 50. Bxa5 Nxf4 0-1

[Event "Toronto-ch Reserves"]
[Site "Toronto CAN"]
[Date "2002.01.14"]
[Round "2"]
[White "Sviridovitch, Alina"]
[Black "Deslauriers, Brian"]
[Result "0-1"]
[WhiteElo "1925"]
[BlackElo "1966"]
[PlyCount "138"]
[EventDate "2002.01.09"]
[EventType "tourn"]
[EventRounds "11"]
[EventCountry "CAN"]

1. d4 d6 2. Nf3 g6 3. c3 Bg7 4. Bg5 Nd7 5. Nbd2 c5 6. e3 a6 7. b4 cxd4 8. cxd4
Ngf6 9. e4 O-O 10. Qb3 Nb6 11. Bd3 e5 12. O-O h6 13. Bh4 g5 14. Bg3 g4 15. dxe5
gxf3 16. exf6 fxg2 17. Kxg2 Qxf6 18. Be2 Qc3 19. Rad1 Be6 20. Qxc3 Bxc3 21.
Bxd6 Rfd8 22. Nb1 Na4 23. Bf4 Bxb4 24. Bxh6 Bxa2 25. Bg5 Rxd1 26. Rxd1 Nc3 27.
Nxc3 Bxc3 28. Rd3 Rc8 29. Rd7 b5 30. Ra7 Rc6 31. Ra8+ Kg7 32. Rb8 Bb1 33. Kf3
Bc2 34. Bxb5 axb5 35. Rxb5 f6 36. Bf4 Re6 37. Rb7+ Kg6 38. Rc7 Bxe4+ 39. Kg3
Ba5 40. Ra7 Bb6 41. Ra3 Bf5 42. Ra2 Re1 43. Rb2 Bc5 44. Ra2 Be4 45. Bc7 Rc1 46.
Bb8 Rc2 47. Rxc2 Bxc2 48. Bf4 Kf5 49. Bd2 Bd6+ 50. Kg2 Be4+ 51. f3 Bd5 52. Kf2
Bxh2 53. Bc1 Bf4 54. Bb2 Ke6 55. Bd4 f5 56. Bc3 Kd7 57. Bb2 Kc6 58. Bd4 Kd6 59.
Kg2 Bc6 60. Kf2 Kd5 61. Bb2 Kc4 62. Ke2 Kb3 63. Bd4 Kc2 64. Bf6 Bb5+ 65. Kf2
Kd2 66. Be7 Be3+ 67. Kg2 Ke2 68. Kg3 Bc6 69. f4 Bf2+ 0-1

[Event "Toronto-ch Reserves"]
[Site "Toronto CAN"]
[Date "2002.01.14"]
[Round "2"]
[White "Vadachkoriya, Irakli"]
[Black "Takov, Chris"]
[Result "1/2-1/2"]
[WhiteElo "1949"]
[BlackElo "1900"]
[PlyCount "109"]
[EventDate "2002.01.09"]
[EventType "tourn"]
[EventRounds "11"]
[EventCountry "CAN"]

1. e4 e6 2. d4 d5 3. exd5 exd5 4. c4 c6 5. Nc3 Nf6 6. Nf3 Bb4 7. Bd3 O-O 8. O-O
Bg4 9. cxd5 cxd5 10. Bg5 Be7 11. Be2 Nc6 12. Ne5 Bxe2 13. Nxe2 Nxe5 14. dxe5
Ng4 15. Bxe7 Qxe7 16. Qxd5 Rfd8 17. Qe4 Nxe5 18. Nc3 f6 19. Rfd1 b6 20. Rac1
Rac8 21. Nd5 Qd6 22. Rxc8 Rxc8 23. Ne3 Qc6 24. Qxc6 Rxc6 25. f4 Nc4 26. Nxc4
Rxc4 27. Rd8+ Kf7 28. Rd7+ Kg6 29. Rxa7 Rc1+ 30. Kf2 Rc2+ 31. Kf3 Rxb2 32. a4
Rb3+ 33. Kf2 h5 34. a5 bxa5 35. Rxa5 h4 36. h3 Kh6 37. Ra6 Rb5 38. Kf3 Kg6 39.
Kg4 Rb2 40. Kf3 Kh5 41. Ra7 g5 42. fxg5 fxg5 43. Rh7+ Kg6 44. Rh8 Rb3+ 45. Kf2
Rb4 46. Rg8+ Kh6 47. Kf3 Rf4+ 48. Ke2 Rf5 49. Re8 Rf6 50. Re4 Kg6 51. Rg4 Kf5
52. Kf3 Ra6 53. Rb4 Rd6 54. Rb5+ Kg6 55. Rb4 1/2-1/2

[Event "Toronto-ch Reserves"]
[Site "Toronto CAN"]
[Date "2002.01.17"]
[Round "3"]
[White "Bergeron, Florian"]
[Black "De Jesus, Enrique"]
[Result "0-1"]
[WhiteElo "1954"]
[BlackElo "2002"]
[PlyCount "54"]
[EventDate "2002.01.09"]
[EventType "tourn"]
[EventRounds "11"]
[EventCountry "CAN"]

1. d4 Nf6 2. c4 e6 3. Nc3 d5 4. Bg5 Be7 5. Nf3 O-O 6. e3 c6 7. Bd3 Nbd7 8. O-O
Re8 9. Qc2 h6 10. Bh4 a6 11. h3 c5 12. cxd5 exd5 13. Ne5 Nxe5 14. dxe5 Nh5 15.
Bxe7 Qxe7 16. g4 Qxe5 17. Rae1 Nf6 18. f4 Qd6 19. Qf2 Bd7 20. g5 Ne4 21. Bxe4
dxe4 22. Qg2 Bf5 23. gxh6 Qxh6 24. Kh2 Re6 25. Rh1 Rg6 26. Qf1 Qh4 27. Ne2 Bxh3
0-1

[Event "Toronto-ch Reserves"]
[Site "Toronto CAN"]
[Date "2002.01.17"]
[Round "3"]
[White "Deslauriers, Brian"]
[Black "Cohen, David"]
[Result "1/2-1/2"]
[WhiteElo "1966"]
[BlackElo "2023"]
[PlyCount "57"]
[EventDate "2002.01.09"]
[EventType "tourn"]
[EventRounds "11"]
[EventCountry "CAN"]

1. c4 e5 2. g3 Nf6 3. Bg2 Nc6 4. Nc3 Bc5 5. a3 O-O 6. e3 Re8 7. Nge2 d6 8. O-O
Bg4 9. h3 Be6 10. d4 exd4 11. exd4 Nxd4 12. Nxd4 Bxc4 13. Bxb7 Bxf1 14. Kxf1
Bxd4 15. Qxd4 Rb8 16. Bg2 Qe7 17. Bg5 Rxb2 18. Ne4 Reb8 19. Kg1 Rb1+ 20. Rxb1
Rxb1+ 21. Kh2 Qe5 22. Bxf6 gxf6 23. Nxf6+ Kg7 24. Ne8+ Kf8 25. Qxe5 dxe5 26.
Nxc7 Ra1 27. Be4 h6 28. Nb5 a6 29. Nd6 1/2-1/2

[Event "Toronto-ch Reserves"]
[Site "Toronto CAN"]
[Date "2002.01.17"]
[Round "3"]
[White "Paterson, Jim"]
[Black "Haziprodromu, Sam"]
[Result "0-1"]
[WhiteElo "1964"]
[BlackElo "1979"]
[PlyCount "40"]
[EventDate "2002.01.09"]
[EventType "tourn"]
[EventRounds "11"]
[EventCountry "CAN"]

1. d4 Nf6 2. Nf3 c5 3. c4 cxd4 4. Nxd4 e5 5. Nf3 Nc6 6. Nc3 Bb4 7. e3 d5 8.
cxd5 Qxd5 9. Bd2 Qd6 10. a3 Ba5 11. Bb5 O-O 12. O-O Bg4 13. Bxc6 bxc6 14. Qc2
Rad8 15. Be1 Bxf3 16. gxf3 Qe6 17. Ne4 Nxe4 18. fxe4 Qg4+ 19. Kh1 Qf3+ 20. Kg1
Rd6 0-1

[Event "Toronto-ch Reserves"]
[Site "Toronto CAN"]
[Date "2002.01.17"]
[Round "3"]
[White "Picana, Andrew"]
[Black "Vadachkoriya, Irakli"]
[Result "1/2-1/2"]
[WhiteElo "2018"]
[BlackElo "1925"]
[PlyCount "105"]
[EventDate "2002.01.09"]
[EventType "tourn"]
[EventRounds "11"]
[EventCountry "CAN"]

1. c4 Nf6 2. Nf3 g6 3. g3 Bg7 4. Bg2 O-O 5. Nc3 d6 6. O-O Nc6 7. d3 e5 8. Bg5
h6 9. Bxf6 Bxf6 10. a3 a5 11. Rb1 Bg7 12. Qc2 f5 13. b4 axb4 14. axb4 Be6 15.
b5 Ne7 16. Nd2 Rb8 17. Nb3 f4 18. Rfd1 fxg3 19. hxg3 c6 20. c5 d5 21. bxc6 bxc6
22. Na4 Nc8 23. Nd2 Na7 24. Rxb8 Qxb8 25. Nb6 Nb5 26. Ra1 Qc7 27. e3 e4 28. Rf1
exd3 29. Qxd3 Kh7 30. Nb3 Bf5 31. e4 dxe4 32. Bxe4 Rd8 33. Qf3 Nd4 34. Nxd4
Bxe4 35. Qxe4 Bxd4 36. Kg2 Bxc5 37. Nc4 Bd4 38. Rd1 Bf6 39. Rxd8 Qxd8 40. Qxc6
Qe7 41. Ne3 Bg7 42. Ng4 h5 43. Nh2 Qf6 44. Qxf6 Bxf6 45. f4 g5 46. f5 g4 47.
Nf1 Kh6 48. Nh2 Kg5 49. Nf1 Kxf5 50. Nh2 Bg5 51. Nf1 Ke4 52. Nh2 Kf5 53. Nf1
1/2-1/2

[Event "Toronto-ch Reserves"]
[Site "Toronto CAN"]
[Date "2002.01.17"]
[Round "3"]
[White "Shah, Omar"]
[Black "Sviridovitch, Alina"]
[Result "0-1"]
[WhiteElo "1860"]
[BlackElo "1900"]
[PlyCount "90"]
[EventDate "2002.01.09"]
[EventType "tourn"]
[EventRounds "11"]
[EventCountry "CAN"]

1. e4 d5 2. exd5 Nf6 3. d4 Nxd5 4. Be2 g6 5. Bg5 Bg7 6. Qd2 h6 7. Bh4 Nc6 8. c3
Bf5 9. f4 Qd6 10. Bg3 e6 11. Na3 Nb6 12. Nf3 Ne7 13. Nb5 Qd7 14. Ne5 Bxe5 15.
fxe5 a6 16. Na3 Rd8 17. O-O c5 18. Rad1 cxd4 19. Qf4 Nc6 20. Qf2 O-O 21. cxd4
Nxd4 22. Kh1 Qa4 23. Bd3 Nd5 24. Bb1 Ne7 25. Bf4 g5 26. Be3 Ndc6 27. Rxd8 Rxd8
28. Bc5 Rd1 29. b3 Rxf1+ 30. Qxf1 Qf4 31. Qxf4 gxf4 32. Bd6 Bxb1 33. Nxb1 Ng6
34. Nc3 Ngxe5 35. Kg1 Kg7 36. Na4 Nd3 37. a3 Nd4 38. Nb2 Nxb2 39. Be5+ Kg6 40.
Bxd4 Nd3 41. Kf1 Kf5 42. a4 e5 43. Bb6 e4 44. h3 e3 45. g4+ Ke4 0-1